000 00361nam a2200157Ia 4500
003 OSt
005 20240213121527.0
008 170524s9999 xx 000 0 und d
020 _a978-8120344839
040 _cIIMT UNIVERSITY
100 _aBHATIA NISHWAN
100 _c2012
245 0 _aCORPORATE AND COMPENSATION LAWS
260 _aP.H.I
942 _2ddc
_c01
999 _c2860
_d2860